History Quiz

Random History or State Quiz

US Declaration of Independence Signers Quiz Stats

 Plays Quiz Updated Oct 12, 2016

Score 0/56 Timer 10:00
2 Plays Today
State Name % Correct
VirginiaThomas Jefferson
89.9%
MassachusettsJohn Adams
88.8%
MassachusettsJohn Hancock
86.2%
MassachusettsSamuel Adams
83.5%
PennsylvaniaBenjamin Franklin
82.2%
PennsylvaniaJames Smith
43%
VirginiaRichard Henry Lee
31.8%
VirginiaFrancis Lightfoot Lee
31.4%
ConnecticutWilliam Williams
30.4%
PennsylvaniaRobert Morris
26%
New YorkLewis Morris
25.6%
VirginiaBenjamin Harrison
24.7%
PennsylvaniaJames Wilson
24.6%
DelawareCaesar Rodney
24.4%
MassachusettsRobert Treat Paine
23.2%
North CarolinaJohn Penn
22.4%
ConnecticutRoger Sherman
22.3%
South CarolinaEdward Rutledge
21.2%
New HampshireJosiah Bartlett
20.8%
New YorkPhilip Livingston
20.7%
MassachusettsElbridge Gerry
20.5%
PennsylvaniaGeorge Taylor
20.1%
MarylandCharles Carroll
19.9%
GeorgiaLyman Hall
19.3%
Rhode IslandStephen Hopkins
19%
New YorkFrancis Lewis
19%
PennsylvaniaBenjamin Rush
18.8%
New JerseyJohn Witherspoon
18.8%
State Name % Correct
MarylandSamuel Chase
18.8%
DelawareGeorge Read
18.6%
DelawareThomas McKean
18.3%
GeorgiaButton Gwinnett
18.1%
MarylandWilliam Paca
15.6%
New JerseyAbraham Clark
15.5%
New HampshireWilliam Whipple
15.4%
MarylandThomas Stone
15.1%
PennsylvaniaGeorge Clymer
15%
PennsylvaniaGeorge Ross
14.6%
New JerseyFrancis Hopkinson
14.5%
VirginiaThomas Nelson, Jr.
14.3%
VirginiaGeorge Wythe
14.3%
North CarolinaJoseph Hewes
14.3%
Rhode IslandWilliam Ellery
14.2%
PennsylvaniaJohn Morton
14.1%
New JerseyRichard Stockton
14.1%
GeorgiaGeorge Walton
13.9%
New JerseyJohn Hart
13.9%
New YorkWilliam Floyd
13.8%
New HampshireMatthew Thornton
13.7%
VirginiaCarter Braxton
13.6%
South CarolinaThomas Lynch, Jr.
13.5%
North CarolinaWilliam Hooper
13.5%
ConnecticutSamuel Huntington
13.2%
ConnecticutOliver Wolcott
13.1%
South CarolinaThomas Heyward, Jr.
12.9%
South CarolinaArthur Middleton
12.9%

You're not logged in!

Compare scores with friends on all Sporcle quizzes.
OR
Log In

Sporcle TV

Today on Sporcle TV


Watch our educational content, quiz creation guides, and fun videos on Sporcle TV.

Show Comments

Extras

Top Quizzes Today


Score Distribution

Your Account Isn't Verified!

In order to create a playlist on Sporcle, you need to verify the email address you used during registration. Go to your Sporcle Settings to finish the process.

Report this User

Report this user for behavior that violates our Community Guidelines.

Details: